01869nab a2200457 a 450000100060000000300080000600500170001400600190003100700150005000800410006502200140010602200380012003500220015804000260018005000250020608000140023108200160024522200560026124502840031726000350060130000120063631000180064836200380066653301640070454600310086865000150089965000150091465000390092965000160096865000130098465000420099765500320103970000480107170000430111970000360116270000390119870000360123771000190127374000570129285600620134951036FlNmELB20241216232256.0m o d | cr cn|||||||||201209r2005 cu |||||s|||||||||||spa d a1726-6718 z1726-671857 ( Ed. electrónica ) a(OCoLC)1152909158 aFlNmELBbspacFlNmELB 4aQM695.E95bB655 2005 a616-089.504a617/.96222 0aSociedad cubana de anestesiología y reanimación00aBloqueo del plexo braquialh[recurso electronico] :befecto de la asociación anestésicos locales /opioides. Ensayo clínico /cMaría Oslaida Agüero Martínez, Obdulia María Aguado Barrena, Ricardo Vargas Pallares, Lucas Cordoví de Armas, Ángela Gutiérrez Rojas. a[La Habana] :bECIMED,c[2005] a[21] p. aCuatrimestral0 aVol. 4, num. 1 (enero-abr. 2005)- aRecurso electrónico. Santa Fe, Arg.: e-libro, 2015. Disponible vía World Wide Web. El acceso puede estar limitado para las bibliotecas afiliadas a e-libro. aArtículos en castellano. 4aCirugía. 4aAnestesia. 4aExtremities, UpperxAbnormalities. 4aAnesthesia. 4aSurgery. 4aOpioidsxTherapeutic usevCongresses. 4aArtículos electrónicos.1 aAgüero Martínez, María Oslaida,eaut.1 aAguado Barrena, Obdulia María,eaut.1 aVargas Pallares, Ricardo,eaut.1 aCordov℗Ł de Armas, Lucas,eaut.1 aGuti'rrez Rojas, ængela,eaut.2 ae-libro, Corp.02aSociedad cubana de anestesiología y reanimación.40uhttps://elibro.net/ereader/politecnicointernacional/93958